Nếp sống tình cảm của người Việt

Sparad:
Bibliografiska uppgifter
Materialtyp: Bok
Språk:Undetermined
Publicerad: Hà Nội Lao động 2003
Ämnen:
Taggar: Lägg till en tagg
Inga taggar, Lägg till första taggen!
Thư viện lưu trữ: Trung tâm Học liệu Trường Đại học Cần Thơ
LEADER 00560nam a2200193Ia 4500
001 CTU_64775
008 210402s9999 xx 000 0 und d
020 |c 26000 
082 |a 392.3 
082 |b N257 
245 0 |a Nếp sống tình cảm của người Việt 
245 0 |c Viết Thực (sưu tầm) 
260 |a Hà Nội 
260 |b Lao động 
260 |c 2003 
650 |a Lifestyles,Social interaction 
650 |z Vietnam,Vietnam 
904 |i Trọng Hải 
980 |a Trung tâm Học liệu Trường Đại học Cần Thơ